[Event "AUTO-OPEN-675"]
[Site "http://www.queenalice.com/game.php?id=216264"]
[Date "2007.5.25"]
[Round "1"]
[White "guilhermeaxe7"]
[Black "laudimf"]
[Result "0-1"]
[WhiteElo "1478"]
[BlackElo "1605"]

1. e4 e5 2. Bc4 Nf6 3. d3 Bc5 4. Nc3 d6 5. Be3 Bxe3 6. fxe3 Bd7 7. Nf3 h6 8. Qe2
Bg4 9. h3 Bh5 10. g4 Bg6 11. Nh4 Bh7 12. Nf5 Bxf5 13. gxf5 Nc6 0-1

[Event "AUTO-OPEN-675"]
[Site "http://www.queenalice.com/game.php?id=216265"]
[Date "2007.5.25"]
[Round "1"]
[White "laudimf"]
[Black "guilhermeaxe7"]
[Result "1-0"]
[WhiteElo "1593"]
[BlackElo "1490"]

1. e4 c5 2. Nf3 d6 3. Nc3 Nc6 4. Bc4 Nf6 5. Ng5 e6 6. O-O Ne5 7. Bb3 c4 8. Ba4+
Bd7 9. Bxd7+ Nfxd7 10. d4 cxd3 11. cxd3 Be7 12. f4 Bxg5 13. fxg5 f6 14. d4 1-0

[Event "Let's Play Chess!"]
[Site "http://www.queenalice.com/game.php?id=217526"]
[Date "2007.5.28"]
[Round "-"]
[White "guilhermeaxe7"]
[Black "erikmartinelli"]
[Result "0-1"]
[WhiteElo "1858"]
[BlackElo "1541"]

1. e4 e5 2. Nf3 Nc6 3. Bb5 Nb4 4. a3 Nc6 5. Nc3 a6 6. Bxc6 dxc6 7. Nxe5 Qe7 8.
d4 Nf6 9. Bg5 Qe6 10. O-O Bd6 11. f4 Bxe5 12. dxe5 Ng4 0-1

[Event "roqqk"]
[Site "http://www.queenalice.com/game.php?id=217611"]
[Date "2007.5.28"]
[Round "-"]
[White "fariagon"]
[Black "guilhermeaxe7"]
[Result "1-0"]
[WhiteElo "1308"]
[BlackElo "1524"]

1. g3 e5 2. Bg2 d5 3. Nf3 Bd6 4. O-O e4 5. Nd4 Nf6 6. d3 O-O 7. e3 Nc6 8. dxe4
Nxe4 9. Nc3 Nxc3 10. Qd3 Nxd4 11. bxc3 Nc6 12. Bxd5 Ne5 13. Qe4 c6 14. Bb3 1-0

[Event "AUTO-INT-475"]
[Site "http://www.queenalice.com/game.php?id=217665"]
[Date "2007.5.29"]
[Round "1"]
[White "asantos82"]
[Black "guilhermeaxe7"]
[Result "1-0"]
[WhiteElo "1815"]
[BlackElo "1902"]

1. e4 c5 2. Nf3 d6 3. d4 cxd4 4. Nxd4 Nf6 5. Nc3 a6 6. Bg5 e6 7. Bd3 Nbd7 8. Qd2
b5 9. O-O Be7 10. Nf3 Bb7 11. Rfe1 Qc7 12. a3 h6 13. Bf4 Ne5 14. Nxe5 dxe5 15.
Bg3 Nh5 16. Rf1 Nxg3 17. fxg3 O-O-O 18. Kh1 Bc5 19. Rad1 1-0

[Event "AUTO-INT-475"]
[Site "http://www.queenalice.com/game.php?id=217666"]
[Date "2007.5.29"]
[Round "1"]
[White "guilhermeaxe7"]
[Black "asantos82"]
[Result "0-1"]
[WhiteElo "1728"]
[BlackElo "1852"]

1. e4 c6 2. d4 d5 3. e5 Bf5 4. Nf3 e6 5. Bd3 Bxd3 6. Qxd3 c5 7. dxc5 Qa5+ 8. Nc3
Bxc5 9. Qb5+ Qxb5 10. Nxb5 Na6 11. c3 Ne7 12. b4 Bb6 13. Nd6+ Kd7 14. O-O Nc8
15. Nxf7 Rf8 16. N7g5 h6 17. Nh3 g5 18. Nd4 Nxb4 0-1

[Event "AUTO-INT-475"]
[Site "http://www.queenalice.com/game.php?id=217673"]
[Date "2007.5.29"]
[Round "1"]
[White "guilhermeaxe7"]
[Black "ikilldavids"]
[Result "0-1"]
[WhiteElo "1746"]
[BlackElo "1895"]

1. e4 e6 2. d4 d5 3. e5 c5 4. c3 Nc6 5. Nf3 Qb6 6. Bd3 cxd4 7. cxd4 Bd7 8. Bc2
Nb4 9. Nc3 Nxc2+ 10. Qxc2 Ne7 11. O-O Nf5 12. Rd1 Be7 13. a4 Rc8 14. g4 Nh4 15.
Nxh4 Bxh4 16. Ra3 Be7 17. Rb3 Qa6 18. Qd3 Rc4 19. Nb5 O-O 0-1

[Event "AUTO-INT-475"]
[Site "http://www.queenalice.com/game.php?id=217674"]
[Date "2007.5.29"]
[Round "1"]
[White "ikilldavids"]
[Black "guilhermeaxe7"]
[Result "1-0"]
[WhiteElo "1951"]
[BlackElo "1624"]

1. d4 Nf6 2. c4 g6 3. Nc3 Bg7 4. e4 d6 5. Nf3 O-O 6. h3 Nbd7 7. Bg5 c5 8. d5 h6
9. Be3 Kh7 10. Bd3 e5 11. dxe6 fxe6 12. e5 dxe5 13. Qc2 e4 14. Nxe4 Nxe4 15.
Bxe4 Qf6 16. O-O-O Rb8 17. h4 h5 18. Ng5+ Kg8 19. Bxg6 b5 20. Bxh5 Qh6 21. Bf7+
Rxf7 22. Nxf7 1-0

[Event "AUTO-OPEN-679"]
[Site "http://www.queenalice.com/game.php?id=217895"]
[Date "2007.5.29"]
[Round "1"]
[White "guilhermeaxe7"]
[Black "debia"]
[Result "0-1"]
[WhiteElo "1709"]
[BlackElo "1499"]

1. e4 e5 2. Nf3 d6 3. d4 Bg4 4. dxe5 Qe7 5. Bc4 Nd7 6. Bg5 f6 7. exf6 gxf6 8.
Bf4 Qxe4+ 9. Qe2 Qxe2+ 10. Bxe2 O-O-O 11. Nc3 c6 12. O-O-O Nc5 13. Rhe1 d5 14.
h3 Bxf3 15. Bxf3 Ne7 16. Be3 Ne6 17. Bxa7 Nf4 18. g3 Nxh3 19. Bg4+ f5 20. Bxh3
c5 21. Bxc5 Bh6+ 22. Kb1 Bg7 23. Rxe7 Bxc3 24. bxc3 h6 25. Rd4 Kb8 0-1

[Event "AUTO-OPEN-679"]
[Site "http://www.queenalice.com/game.php?id=217896"]
[Date "2007.5.29"]
[Round "1"]
[White "debia"]
[Black "guilhermeaxe7"]
[Result "1-0"]
[WhiteElo "1523"]
[BlackElo "1671"]

1. e3 e5 2. f4 exf4 3. exf4 d5 4. c4 d4 5. Be2 Bd6 6. d3 Nc6 7. Nf3 Nf6 8. h3
Qe7 9. a3 a5 10. Nbd2 Nh5 11. Ne4 Bxf4 12. g3 Bxg3+ 13. Nxg3 Nxg3 14. Rh2 Bf5
15. Bf4 Nh5 16. Bg5 f6 17. Bh4 O-O-O 18. Qc2 Qe3 19. Rd1 Rhe8 20. Rf2 g5 21.
Nxg5 fxg5 22. Rf3 Qg1+ 23. Kd2 Qg2 24. Rf2 Qxh3 25. Bxg5 Rd6 26. Bf1 1-0

[Event "AUTO-OPEN-679"]
[Site "http://www.queenalice.com/game.php?id=217897"]
[Date "2007.5.29"]
[Round "1"]
[White "guilhermeaxe7"]
[Black "ChrisDavison102"]
[Result "0-1"]
[WhiteElo "1953"]
[BlackElo "1845"]

1. e4 c5 2. Nf3 d6 3. d4 cxd4 4. Nxd4 Nf6 5. Nc3 a6 6. Be2 e6 7. O-O Be7 8. Kh1
O-O 9. f4 Nc6 10. Be3 Bd7 11. a4 Rc8 12. Nb3 Re8 13. a5 Bf8 14. Bb6 Qe7 15. g4
h6 16. Qd2 Ra8 17. Rad1 Na7 18. g5 hxg5 19. fxg5 Nh7 20. Be3 Nc6 21. Bf4 e5 22.
Nd5 Qd8 23. Be3 Re6 24. Bb6 Qc8 25. Nc7 Rg6 26. Bh5 Rxg5 27. Bxf7+ Kh8 28. Nxa8
Qxa8 29. Be3 Rg4 30. Qe2 Qd8 31. Bh5 Rh4 32. Bg6 Be7 33. Bb6 Qc8 34. Bf5 Bxf5
35. Rxf5 g6 36. Rf7 Qh3 37. Qg2 Qxg2+ 38. Kxg2 Rxe4 39. Rdf1 Kg8 40. R1f2 Bh4
0-1

[Event "AUTO-OPEN-679"]
[Site "http://www.queenalice.com/game.php?id=217898"]
[Date "2007.5.29"]
[Round "1"]
[White "ChrisDavison102"]
[Black "guilhermeaxe7"]
[Result "0-1"]
[WhiteElo "1910"]
[BlackElo "1902"]

1. e4 c5 2. Nf3 d6 3. d4 cxd4 4. Nxd4 g6 5. Nc3 Bg7 6. Be3 a6 7. Be2 Nd7 8. O-O
Ngf6 9. h3 O-O 10. Qd2 Qc7 11. Rfd1 b5 12. a3 Bb7 13. Bf3 Ne5 14. Qe2 Nxf3+ 15.
Qxf3 Nd7 16. Qe2 Nb6 17. Rab1 Nc4 18. Qd3 Rac8 19. Nde2 Nxb2 20. Rxb2 Bxc3 21.
Nxc3 Qxc3 22. Qxc3 Rxc3 23. a4 Bxe4 24. axb5 Rb8 25. Rdb1 axb5 26. Rxb5 Rxb5 27.
Rxb5 Rxc2 28. Bh6 f6 29. Rb8+ Kf7 30. Rh8 g5 31. Rb8 Rc1+ 32. Kh2 Rc2 33. Kg3
Rc7 34. f3 Bg6 35. Kf2 Ke6 36. g4 Ke5 37. Ke3 d5 38. Rb5 Rc3+ 39. Ke2 Bd3+ 0-1

[Event "AUTO-ADV-508"]
[Site "http://www.queenalice.com/game.php?id=217978"]
[Date "2007.5.29"]
[Round "1"]
[White "reginaldox"]
[Black "guilhermeaxe7"]
[Result "1/2-1/2"]
[WhiteElo "1828"]
[BlackElo "1908"]

1. b4 e5 2. Bb2 Bxb4 3. Bxe5 Bf8 4. Nf3 d6 5. Bb2 Nf6 6. e3 Bg4 7. Be2 Nc6 8.
O-O Be7 9. d4 O-O 10. c4 d5 11. c5 Re8 12. Nbd2 a6 13. h3 Bh5 14. Re1 Bg6
1/2-1/2

[Event "AUTO-ADV-508"]
[Site "http://www.queenalice.com/game.php?id=217979"]
[Date "2007.5.29"]
[Round "1"]
[White "guilhermeaxe7"]
[Black "reginaldox"]
[Result "0-1"]
[WhiteElo "1639"]
[BlackElo "1774"]

1. e4 c6 2. d4 d5 3. e5 Bf5 4. Nf3 c5 5. Bd3 Be4 6. Bxe4 dxe4 7. Ng5 cxd4 8. O-O
Nc6 9. e6 fxe6 10. Nxe6 Qd7 11. Nxf8 Kxf8 12. f3 e3 13. Bxe3 Rd8 14. Bf2 Nf6 15.
Nd2 Kf7 16. a3 Rhf8 17. Nb3 b6 18. Re1 Kg8 19. Qd3 Qb7 20. Rad1 e5 21. Qc4+ Kh8
22. Nd2 Rc8 0-1

[Event "AUTO-ADV-508"]
[Site "http://www.queenalice.com/game.php?id=217986"]
[Date "2007.5.29"]
[Round "1"]
[White "Nabor"]
[Black "guilhermeaxe7"]
[Result "1-0"]
[WhiteElo "1758"]
[BlackElo "1596"]

1. e4 c5 2. Nf3 d6 3. b4 cxb4 4. d4 Nf6 5. Bd3 e6 6. O-O Be7 7. Re1 Nbd7 8. a3
bxa3 9. Bxa3 Qc7 10. e5 dxe5 11. Bxe7 Kxe7 12. dxe5 1-0

[Event "AUTO-ADV-508"]
[Site "http://www.queenalice.com/game.php?id=217987"]
[Date "2007.5.29"]
[Round "1"]
[White "guilhermeaxe7"]
[Black "Nabor"]
[Result "0-1"]
[WhiteElo "1608"]
[BlackElo "1748"]

1. e4 c5 2. Nf3 Nc6 3. d4 cxd4 4. Nxd4 e5 5. Nxc6 bxc6 6. Bc4 Nf6 7. Bg5 Be7 8.
Nc3 O-O 9. O-O h6 10. Bh4 d6 11. Qd3 Nh7 12. Bxe7 Qxe7 0-1